Postcolonial economies / (Record no. 175)

MARC details
000 -LEADER
fixed length control field 01422nam a22003497a 4500
001 - CONTROL NUMBER
control field 16852424
005 - DATE AND TIME OF LATEST TRANSACTION
control field 20230207125317.0
008 - FIXED-LENGTH DATA ELEMENTS--GENERAL INFORMATION
fixed length control field 230207b |||||||| |||| 00| 0 eng d
010 ## - LIBRARY OF CONGRESS CONTROL NUMBER
LC control number 2011282587
020 ## - INTERNATIONAL STANDARD BOOK NUMBER
International Standard Book Number 9781848134058 (hbk.)
020 ## - INTERNATIONAL STANDARD BOOK NUMBER
International Standard Book Number 9781848134041 (pbk.)
035 ## - SYSTEM CONTROL NUMBER
System control number (OCoLC)ocn681872582
040 ## - CATALOGING SOURCE
Original cataloging agency YDXCP
Transcribing agency KMU
Modifying agency BWX
-- CDX
-- CUV
-- DLC
042 ## - AUTHENTICATION CODE
Authentication code lccopycat
050 00 - LIBRARY OF CONGRESS CALL NUMBER
Classification number HF1025
Item number .P655 2011
245 00 - TITLE STATEMENT
Title Postcolonial economies /
Statement of responsibility, etc. edited by Jane Pollard, Cheryl McEwan and Alex Hughes.
260 ## - PUBLICATION, DISTRIBUTION, ETC.
Place of publication, distribution, etc. London ;
-- New York :
Name of publisher, distributor, etc. Zed Books,
Date of publication, distribution, etc. 2011.
300 ## - PHYSICAL DESCRIPTION
Extent 239 p. :
Other physical details ill. ;
Dimensions 21 cm.
504 ## - BIBLIOGRAPHY, ETC. NOTE
Bibliography, etc. note Includes bibliographical references and index.
650 #0 - SUBJECT ADDED ENTRY--TOPICAL TERM
Topical term or geographic name entry element Economic geography.
650 #0 - SUBJECT ADDED ENTRY--TOPICAL TERM
Topical term or geographic name entry element Postcolonialism
General subdivision Economic aspects.
650 #0 - SUBJECT ADDED ENTRY--TOPICAL TERM
Topical term or geographic name entry element Globalization
General subdivision Economic aspects.
700 1# - ADDED ENTRY--PERSONAL NAME
Personal name Pollard, Jane.
700 1# - ADDED ENTRY--PERSONAL NAME
Personal name McEwan, Cheryl.
700 1# - ADDED ENTRY--PERSONAL NAME
Personal name Hughes, Alex.
856 42 - ELECTRONIC LOCATION AND ACCESS
Materials specified Contributor biographical information
Uniform Resource Identifier <a href="http://www.loc.gov/catdir/enhancements/fy1114/2011282587-b.html">http://www.loc.gov/catdir/enhancements/fy1114/2011282587-b.html</a>
856 42 - ELECTRONIC LOCATION AND ACCESS
Materials specified Publisher description
Uniform Resource Identifier <a href="http://www.loc.gov/catdir/enhancements/fy1114/2011282587-d.html">http://www.loc.gov/catdir/enhancements/fy1114/2011282587-d.html</a>
856 41 - ELECTRONIC LOCATION AND ACCESS
Materials specified Table of contents only
Uniform Resource Identifier <a href="http://www.loc.gov/catdir/enhancements/fy1114/2011282587-t.html">http://www.loc.gov/catdir/enhancements/fy1114/2011282587-t.html</a>
906 ## - LOCAL DATA ELEMENT F, LDF (RLIN)
a 7
b cbc
c copycat
d 2
e ncip
f 20
g y-gencatlg
942 ## - ADDED ENTRY ELEMENTS (KOHA)
Source of classification or shelving scheme Library of Congress Classification
Koha item type Non-Fiction
Suppress in OPAC No
Holdings
Withdrawn status Lost status Source of classification or shelving scheme Damaged status Not for loan Collection Home library Current library Shelving location Date acquired Source of acquisition Total Checkouts Full call number Barcode Date last seen Price effective from Koha item type
    Library of Congress Classification     Non-fiction Kapasa Makasa University Kapasa Makasa University Open Access 06.02.2023 Book Aid International   HF 1025 Pos 747852 07.02.2023 07.02.2023 Non-Fiction
    Library of Congress Classification     Non-fiction Kapasa Makasa University Kapasa Makasa University Open Access 06.02.2023 Book Aid International   HF 1025 Pos 747853 07.02.2023 07.02.2023 Non-Fiction
    Library of Congress Classification     Non-fiction Kapasa Makasa University Kapasa Makasa University Open Access 06.02.2023 Book Aid International   HF 1025 Pos 747851 07.02.2023 07.02.2023 Non-Fiction
    Library of Congress Classification     Non-fiction Kapasa Makasa University Kapasa Makasa University Open Access 06.02.2023 Book Aid International   HF 1025 Pos 747850 07.02.2023 07.02.2023 Non-Fiction